Type the First Letter of European Countries - Sudden Death - Statistics

General Stats
  • This quiz has been taken 4,355 times
    2,488 since last reset
  • The average score is 23 of 45
Answers on the Map
Answers color-coded by a green-red scale on the quiz's map according to % correct below.
 
Answer Stats
Country % Correct
Italy
54%
Romania
53%
United Kingdom
53%
Denmark
52%
Estonia
52%
Finland
52%
Germany
52%
Ireland
52%
Liechtenstein
52%
Lithuania
52%
Luxembourg
52%
Moldova
52%
Monaco
52%
Poland
52%
Portugal
52%
Russia
52%
San Marino
52%
Spain
52%
Sweden
52%
Switzerland
52%
Andorra
51%
Austria
51%
Belarus
51%
Belgium
51%
Bosnia and Herzegovina
51%
France
51%
Iceland
51%
Latvia
51%
Malta
51%
Netherlands
51%
North Macedonia
51%
Norway
51%
Ukraine
51%
Vatican City
51%
Bulgaria
50%
Croatia
50%
Czech Republic
50%
Greece
50%
Slovenia
50%
Albania
49%
Kosovo
49%
Montenegro
49%
Serbia
49%
Slovakia
49%
Hungary
47%
No matching quizzes found
Score Distribution
Percent of People with Each Score
Percentile by Number Answered
Your Score History
You have not taken this quiz since the last reset